[Event "4NCL 2013-14"]
[Site "Hinckley ENG"]
[Date "2013.11.16"]
[Round "1.177"]
[White "Byron,A"]
[Black "Adams,D"]
[Result "1-0"]
[WhiteElo "2148"]
[BlackElo "2222"]

1.e4 d6 2.d4 Nf6 3.Nc3 e5 4.dxe5 dxe5 5.Qxd8+ Kxd8 6.Bc4 Bb4 7.f3 Ke7 8.Ne2 c6
9.Be3 Nbd7 10.a3 Bc5 11.Kf2 Bxe3+ 12.Kxe3 Nb6 13.Bb3 Ne8 14.Nc1 Nd6 15.Nd3 f6
16.g4 Nbc4+ 17.Ke2 h5 18.h3 b6 19.g5 Be6 20.gxf6+ gxf6 21.h4 Rhg8 22.Rhg1 f5
23.Bxc4 Bxc4 24.Ke3 Kf6 25.b3 f4+ 26.Nxf4 exf4+ 27.Kxf4 Nb5 28.Nxb5 Bxb5
29.c4 Ba6 30.Rad1 Ke6 31.Rg5 Raf8+ 32.Ke3 Rxg5 33.hxg5 Bc8 34.f4 Ke7 35.f5 Rg8
36.Kf4 Bd7 37.Rh1 Be8 38.g6 Bxg6 39.fxg6 Kf6 40.Rxh5 Rxg6  1-0

[Event "10th European Teams w"]
[Site "Warsaw POL"]
[Date "2013.11.16"]
[Round "8.14"]
[White "Seps,M"]
[Black "Srebrnic,A"]
[Result "1-0"]
[WhiteElo "2260"]
[BlackElo "2198"]

1.d4 d6 2.e4 Nf6 3.Nc3 e5 4.Nf3 Nbd7 5.Bc4 Be7 6.O-O O-O 7.a4 a6 8.h3 b6
9.Qe2 Bb7 10.Rd1 exd4 11.Nxd4 Ne5 12.Bb3 c5 13.Nf5 Qc7 14.Bg5 Rad8 15.Nxe7+ Qxe7
16.Bd5 Bc8 17.Rd2 h6 18.Bh4 Rfe8 19.Rad1 g5 20.Bg3 Kg7 21.f4 gxf4 22.Bxf4 Ng6
23.Bg3 Bb7 24.Bxb7 Qxb7 25.Bxd6 Nxe4 26.Bf8+ Nxf8 27.Rxd8 Re5 28.Nxe4 Rxe4
29.Qf3 Qe7 30.Qc3+ Kh7 31.Qd3 Ng6 32.Rd7 Re1+ 33.Rxe1 Qxe1+ 34.Qf1 Qe3+ 35.Qf2 Qc1+
36.Kh2 Nh8 37.Qf6  1-0

[Event "TCh-BEL 2013-14"]
[Site "Belgium BEL"]
[Date "2013.11.17"]
[Round "4.4"]
[White "Diepeveen,V"]
[Black "Leenhouts,K"]
[Result "1-0"]
[WhiteElo "2276"]
[BlackElo "2375"]

1.e4 d6 2.d4 Nf6 3.Nc3 e5 4.dxe5 dxe5 5.Qxd8+ Kxd8 6.Bc4 Ke8 7.Nge2 c6 8.Bg5 Nbd7
9.a4 Bc5 10.f3 Nf8 11.Nd1 Be6 12.Bxe6 Nxe6 13.Bd2 Rd8 14.Ne3 Nh5 15.Nc4 Nhf4
16.Nxf4 exf4 17.O-O-O f6 18.Rhe1 Kf7 19.Bc3 b5 20.Na5 bxa4 21.Nxc6 Rc8 22.Nxa7 Rb8
23.Rd7+ Kg6 24.Nc6 Rb6 25.Ne7+ Bxe7 26.Rxe7 Rc8 27.Ra7 Rc4 28.Rd1 h6 29.Rdd7 Kh5
30.Rd5+ g5 31.Rda5 Nc5 32.Rxc5 Rxc5 33.Bd4 Rbb5 34.Bxc5 Rxc5 35.Rxa4 g4 36.b4 gxf3
37.gxf3 Rc3 38.b5 Rxf3 39.b6  1-0

[Event "TCh-AUT 2nd Mitte 2013-14"]
[Site "Gleisdorf AUT"]
[Date "2013.11.17"]
[Round "5.6"]
[White "Kozomara,D"]
[Black "Sandner,W"]
[Result "1-0"]
[WhiteElo "1938"]
[BlackElo "2217"]

1.e4 d6 2.d4 Nf6 3.Nc3 e5 4.Nf3 Nbd7 5.Bc4 Be7 6.O-O O-O 7.Re1 c6 8.Bb3 a6
9.a4 b6 10.d5 c5 11.Bc4 Nh5 12.Ra3 Ndf6 13.Qd3 g6 14.Bh6 Re8 15.Bg5 Bf8 16.Qd2 Bg4
17.Nd1 Bg7 18.h3 Bd7 19.Nh2 b5 20.axb5 axb5 21.Rxa8 Qxa8 22.Bf1 Qa4 23.Nc3 Qa5
24.Nf3 b4 25.Nd1 Qa4 26.b3 Qa2 27.Bd3 Bc8 28.g4 Nf4 29.Bxf4 exf4 30.Qxf4 Rd8
31.Ne3 h5 32.e5 dxe5 33.Nxe5 hxg4 34.hxg4 Rf8 35.Bc4 Ne8 36.Nc6 Bc3 37.Rd1 Kg7
38.d6 Bd7 39.Ne5 Nf6 40.Nxf7 Qa8 41.Qh6+  1-0

[Event "10th European Teams w"]
[Site "Warsaw POL"]
[Date "2013.11.17"]
[Round "9.7"]
[White "Toma,K"]
[Black "Ivanova,Si"]
[Result "1-0"]
[WhiteElo "2282"]
[BlackElo "2046"]

1.e4 d6 2.d4 Nf6 3.Nc3 e5 4.Nf3 exd4 5.Qxd4 Be7 6.Bf4 O-O 7.O-O-O Nc6 8.Qd2 Be6
9.Ng5 Bd7 10.f3 h6 11.Nh3 Ne5 12.Ng1 Be6 13.g4 Nfd7 14.Kb1 a6 15.Nd5 Bg5
16.Bxg5 hxg5 17.h4 gxh4 18.g5 Bxd5 19.exd5 Ng6 20.f4 f5 21.Nf3 Nc5 22.Nxh4 Nxh4
23.Rxh4 Kf7 24.Bh3 Qd7 25.Qe2 Rh8 26.g6+ Kxg6 27.Rg1+ Kf7 28.Qg2 Rhg8 29.Qg6+ Ke7
30.Bxf5 Qb5 31.Re1+ Kf8 32.Bd3 Qd7 33.Rh5  1-0

[Event "Great Hopes GM 2013"]
[Site "Budapest HUN"]
[Date "2013.11.18"]
[Round "3.3"]
[White "Sevian,Samuel"]
[Black "Vajda,Le"]
[Result "0-1"]
[WhiteElo "2384"]
[BlackElo "2594"]

1.e4 d6 2.d4 Nf6 3.Nc3 Nbd7 4.Nf3 e5 5.Bc4 Be7 6.O-O O-O 7.Re1 c6 8.a4 b6
9.b3 a6 10.Bb2 Bb7 11.Bd3 Re8 12.Ne2 Bf8 13.Ng3 g6 14.c4 Bg7 15.Qc2 a5 16.Rad1 Qc7
17.Qb1 Nf8 18.Bf1 N6d7 19.d5 Nc5 20.Ba3 Nfd7 21.Ne2 Nf6 22.Nc3 Qe7 23.dxc6 Bxc6
24.Bc1 h6 25.g3 Qb7 26.Nd2 Nh7 27.Nd5 Rf8 28.Bg2 f5 29.exf5 gxf5 30.Ne7+ Qxe7
31.Bxc6 Rac8 32.Bd5+ Kh8 33.Nf3 Qf6 34.Re2 Rc7 35.Bb2 Ng5 36.Nh4 Nh3+ 37.Kh1 Ne4
38.Rf1 Nf4 39.gxf4 Qxh4 40.fxe5 Qh5 41.Re3 f4 42.Rd3 Nc5 43.exd6 Nxd3 44.dxc7 Nxb2
45.Bb7 Qc5 46.c8=Q Rxc8 47.Bxc8 Qxc8 48.Qe4 Qd8 49.Qd5 Qxd5+ 50.cxd5 Nd3
51.d6 Bf6 52.Kg2 Ne5 53.Rc1 Kg7 54.Rc7+ Kg6 55.Rb7 Bd8 56.Rb8 Nf7 57.Kf3 Kf5
58.Rb7 Ne5+ 59.Ke2 Ke6 60.Rh7 Bg5 61.f3 Nd7 62.Kd3 Kxd6 63.Kd4 Ke6 64.h4 Bxh4
65.Rxh6+ Bf6+ 66.Kc4 Ne5+ 67.Kb5 Nf7 68.Rg6 Kf5 69.Rg8 Bd4 70.Rf8 Ke6 71.Kc4 Bc5
72.Re8+ Kf5 73.Kd3 Ne5+ 74.Ke2 Nc6 75.Kd3 Nd4 76.b4 axb4 77.Kc4 b3 78.Kc3 Nxf3
79.Kxb3 Ne5 80.Rh8 f3 81.Kc2 f2 82.Rh1 Nf3 83.Rf1 Nh2 84.Rxf2+ Bxf2 85.Kd3 Be1
86.Kc4 Ba5  0-1

[Event "23rd World Seniors 2013"]
[Site "Opatija CRO"]
[Date "2013.11.18"]
[Round "6.23"]
[White "Giffard,N"]
[Black "Haubt,G"]
[Result "1-0"]
[WhiteElo "2348"]
[BlackElo "2206"]

1.d4 d6 2.e4 Nf6 3.Nc3 c6 4.Nf3 Bg4 5.Be2 Nbd7 6.O-O e5 7.Be3 Be7 8.Nh4 Bxe2
9.Qxe2 g6 10.Rad1 Qa5 11.Nf3 O-O 12.Nd2 b5 13.a3 a6 14.f4 exd4 15.Bxd4 Rfe8
16.Qf3 Qc7 17.Kh1 a5 18.e5 Nh5 19.f5 Nxe5 20.Bxe5 dxe5 21.fxg6 fxg6 22.Nce4 Rf8
23.Qb3+ Kg7 24.Nf3 Nf4 25.c4 b4 26.a4 Rad8 27.g3 Ne6 28.Qe3 Rxd1 29.Rxd1 Rd8
30.Re1 Nd4 31.Neg5 Bxg5 32.Nxg5 Re8 33.Rf1 Nf5 34.Qc5 h6 35.Ne4 Rd8 36.g4 Nd4
37.Rf6 Nb3 38.Rxc6 Rd1+ 39.Kg2 Nxc5 40.Rxc7+ Nd7 41.Nc5 Rd2+ 42.Kg3 Rxb2
43.Nxd7 Rb3+ 44.Kg2 Ra3 45.c5 Kf7 46.Rb7 Ke6 47.c6 Rc3 48.Nb8 b3 49.c7 b2
50.Rb6+ Kd5 51.Na6 Rc2+ 52.Kf1 Rc6 53.Rxb2  1-0

[Event "23rd World Seniors 2013"]
[Site "Opatija CRO"]
[Date "2013.11.18"]
[Round "6.59"]
[White "Petzold,Ha"]
[Black "Carlsten,P"]
[Result "0-1"]
[WhiteElo "2130"]
[BlackElo "1997"]

1.e4 d6 2.d4 Nf6 3.Nc3 e5 4.Nge2 Be7 5.f3 c6 6.Be3 b5 7.a3 Bb7 8.Qd2 Nbd7
9.Ng3 g6 10.Be2 h5 11.f4 a5 12.Bf3 Ba6 13.O-O-O b4 14.Nb1 Qb8 15.Rhe1 O-O
16.f5 Nb6 17.Be2 bxa3 18.bxa3 Bxe2 19.Qxe2 Na4 20.Rd3 Qb2+ 21.Kd2 h4 22.fxg6 fxg6
23.Rb3 Qa2 24.Qc4+ d5 25.Qxa4 hxg3 26.Nc3 Nxe4+ 27.Nxe4 dxe4 28.Qc4+ Kg7
29.Qe6 Rf7 30.Bh6+ Kxh6 31.Qxf7 a4 32.hxg3 Bg5+ 33.Kd1 Qa1+ 34.Ke2 Qxe1+
35.Kxe1 axb3 36.cxb3 exd4 37.Qc4 Rd8 38.Qxc6 e3 39.Qc7 d3 40.Qe5 e2  0-1

[Event "4th Brno Open 2013"]
[Site "Brno CZE"]
[Date "2013.11.20"]
[Round "6.17"]
[White "Chapman,Nigel"]
[Black "Stanek,S"]
[Result "1/2-1/2"]
[WhiteElo "1789"]
[BlackElo "1941"]

1.e4 d6 2.d4 c6 3.Nc3 Nf6 4.f4 g6 5.Nf3 Bg7 6.Be2 O-O 7.O-O b5 8.e5 Ne8 9.a4 b4
10.Ne4 a5 11.c3 d5 12.Nc5 Na6 13.Nxa6 Bxa6 14.cxb4 axb4 15.b3 Qb6 16.Be3 Nc7
17.Rc1 f5 18.Qd2 Ne6 19.Bxa6 Rxa6 20.Rc2 Rc8 21.Rfc1 Nd8 22.Ne1 e6 23.Nd3 Bf8
24.Nc5 Ra7 25.Kh1 Kf7 26.Qd3 Bxc5 27.dxc5 Qc7 28.Bd4 Kg8 29.Rf2 Nb7 30.Rf3 Kg7
31.Qd2 Qa5 32.Qf2 Rb8 33.Qh4 Qd8 34.Qxd8 Nxd8 35.h4 Nf7 36.Rg3 Nh6 37.Kg1 Ng4
38.Kf1 h6 39.Ke2 Rh8 40.Rh1 Raa8 41.Rgh3 Raf8 42.Kf3 Kf7 43.Ke2 Ke7 44.Kf3 Kd7
45.Ke2 Kc7 46.Kf3 Rf7 47.Ke2 Kb7 48.Kf3 Ka6 49.Ke2 Rg8 50.Kf3 Ka5 51.Ke2 Ka6
52.Kf3 Rfg7 53.Ke2 Kb7 54.Kf3 Kb8 55.Ke2 Kc8 56.Kf3 Kd8 57.Ke2 Ke8 58.Kf3 Rf7
59.Ke2 Rgf8 60.Kf3 Ra7 61.Ra1 Ra5 62.Rc1 Kf7 63.Ke2 Kg7 64.Rch1 Re8 65.Kf3 Ra7
66.Ke2 Rc7 67.Kf3 Ra8 68.Ke2 Rf7 69.Kf3 Kf8 70.Ke2 Rg7 71.Kf3 Kf7 72.Ke2 g5
73.hxg5 hxg5 74.g3 Kg6 75.Rh5 gxf4 76.gxf4 Kf7 77.Kf3 Kf8 78.R1h3 Ke7 79.Rh1 Kf7
80.R1h3 Kg6 81.Rg5+ Kf7 82.Rgh5  1/2-1/2

[Event "4th Brno Open 2013"]
[Site "Brno CZE"]
[Date "2013.11.20"]
[Round "6.3"]
[White "Kearns,C"]
[Black "Plat,V"]
[Result "0-1"]
[WhiteElo "2158"]
[BlackElo "2472"]

1.e4 d6 2.d4 Nf6 3.Nc3 e5 4.Nf3 Nbd7 5.g4 exd4 6.Nxd4 Nc5 7.g5 Ng8 8.Be3 h6
9.Ndb5 a6 10.Bxc5 axb5 11.Ba3 c6 12.e5 Rxa3 13.bxa3 Qxg5 14.exd6 Qe5+ 15.Qe2 Bxd6
16.O-O-O Bxa3+ 17.Kb1 Qxe2 18.Bxe2 Nf6 19.Rd3 Bc5 20.Rhd1 Ke7 21.f3 Be6 22.Ne4 Nxe4
23.fxe4 Ra8 24.Rg3 g6 25.Bg4 Bd6 26.Bxe6 Bxg3 27.Bxf7 Kxf7 28.hxg3 Ke6 29.Rh1 Rh8
30.Kc1 Ke5 31.Re1 Rf8 32.Re3 Ra8 33.g4 Kf4 34.Rh3  0-1

[Event "23rd World Seniors 2013"]
[Site "Opatija CRO"]
[Date "2013.11.21"]
[Round "9.28"]
[White "Giffard,N"]
[Black "Kostanjsek,Z"]
[Result "1/2-1/2"]
[WhiteElo "2348"]
[BlackElo "2177"]

1.d4 d6 2.e4 Nf6 3.Nc3 e5 4.Nf3 Nbd7 5.Bc4 Be7 6.O-O O-O 7.a4 c6 8.Ba2 Rb8
9.Qe2 b6 10.Rd1 Qc7 11.Ng5 exd4 12.Rxd4 a6 13.Bf4 b5 14.Rad1 Ne5 15.h3 bxa4
16.Rxa4 h6 17.Nf3 a5 18.Bc1 Rb4 19.Ne1 Nxe4 20.Rxb4 Nxc3 21.bxc3 axb4 22.cxb4 Qa7
23.Bb3 Qb8 24.Bd2 Bd8 25.f4 Nd7 26.Kh1 Nf6 27.Nf3 d5 28.Ne5 Qb7 29.Ra1 Ne4
30.Be1 Nd6 31.Qf3 Bf5 32.Qc3 Bf6 33.Qc5 Ne4 34.Qa7 Qb5 35.c4 dxc4 36.Bxc4 Qb8
37.Bxf7+ Kh7 38.Qxb8 Rxb8 39.Rc1 Nd6 40.Bb3 Re8 41.Rxc6 Bxe5 42.fxe5 Rxe5
43.Bc3 Re3 44.Rxd6 Rxc3 45.Bd5 Rc1+ 46.Kh2 Rb1 47.Rb6 Bd3 48.Bc6 Re1 49.Rb8 Re2
50.b5 Be4 51.Bxe4+ Rxe4 52.b6 Re3 53.Kg1 Re2 54.Kf1 Rb2 55.h4 h5 56.Rb7 Rb4
57.g3 Kg6 58.Kf2 Rb3 59.Rb8 Kh7 60.Kg2 g6  1/2-1/2

[Event "23rd World Seniors 2013"]
[Site "Opatija CRO"]
[Date "2013.11.22"]
[Round "10.66"]
[White "Blaeser,R"]
[Black "Singer,H"]
[Result "1/2-1/2"]
[WhiteElo "1971"]
[BlackElo "2177"]

1.d4 Nf6 2.Nc3 d6 3.e4 c6 4.Nf3 g6 5.Be2 Bg7 6.h3 O-O 7.O-O b5 8.e5 Ne8 9.Bf4 Bb7
10.Qd2 Nd7 11.Rad1 Nb6 12.Rfe1 d5 13.Ng5 e6 14.h4 b4 15.Nb1 a5 16.b3 Qe7
17.h5 Nc7 18.Bg4 h6 19.Nf3 Kh7 20.g3 Rh8 21.Kg2 g5 22.Nxg5+ hxg5 23.Bxg5 Qe8
24.h6 Bf8 25.Rh1 Rg8 26.Qd3+ Rg6 27.Bh5 Be7 28.Bxg6+ fxg6 29.Qe3 Nd7 30.Nd2 Bxg5
31.Qxg5 Qd8 32.Nf3 Qxg5 33.Nxg5+ Kh8 34.Nf7+ Kh7  1/2-1/2

[Event "Bundesliga 2013-14"]
[Site "Hamburg GER"]
[Date "2013.11.23"]
[Round "3"]
[White "Heinemann,T"]
[Black "Thiede,L"]
[Result "1-0"]
[WhiteElo "2461"]
[BlackElo "2450"]

1.e4 d6 2.d4 Nf6 3.Nc3 e5 4.Nf3 Nc6 5.Bb5 Bd7 6.O-O Be7 7.Re1 exd4 8.Nxd4 Nxd4
9.Qxd4 Bxb5 10.Nxb5 c6 11.Nc3 O-O 12.Bf4 Qb6 13.Rad1 Rfd8 14.Qxb6 axb6 15.a4 Ng4
16.h3 Ne5 17.b3 Re8 18.Rd4 Bf8 19.Red1 g6 20.Kf1 f5 21.Be3 Nf7 22.exf5 gxf5
23.Rh4 Ra6 24.Rh5 Bg7 25.Ne2 d5 26.Rxf5 Nd6 27.Rf3 Ne4 28.Ng3 Nc3 29.Re1 d4
30.Bd2 Rxe1+ 31.Bxe1 Nd5 32.Nf5 Be5 33.Bd2 b5 34.a5 b4 35.Nh6+ Kg7 36.Rf7+ Kg6
37.Rxb7 Rxa5 38.Ng4 Bd6 39.Rd7 Bc7 40.Ke2 h5 41.Nh6 Rc5 42.Kd1 Bf4 43.Rxd5 cxd5
44.Bxf4 d3 45.cxd3 Rc3 46.d4 Rxb3 47.Kc2 Rc3+ 48.Kb2 Rd3 49.Be3 Rd1 50.g4 hxg4
51.hxg4 Rg1 52.Nf5 Kf6 53.Ng3 Kg6 54.Ne2 Rxg4 55.Nf4+ Kf5 56.Nxd5 Rg1 57.Nxb4 Ke4
58.Kc3 Rg8 59.Kc4 Rc8+ 60.Kb5 Rc7 61.d5 Ke5 62.Bc5 Rc8 63.Kc4 Ra8 64.Nc6+ Kf5
65.Nd4+ Ke5 66.d6  1-0

[Event "23rd World Seniors 2013"]
[Site "Opatija CRO"]
[Date "2013.11.23"]
[Round "11.76"]
[White "McKerracher,D"]
[Black "Bornand,Herbert"]
[Result "1-0"]
[WhiteElo "2006"]
[BlackElo "1966"]

1.e4 d6 2.d4 Nf6 3.Nc3 e5 4.dxe5 dxe5 5.Qxd8+ Kxd8 6.Bg5 Be6 7.O-O-O+ Bd6
8.f4 Kc8 9.f5 Bd7 10.Bxf6 gxf6 11.Nd5 a6 12.Nxf6 Bc6 13.Nf3 Nd7 14.Nxd7 Kxd7
15.Nxe5+ Ke7 16.Nxc6+ bxc6 17.c3 a5 18.Bc4 Rhg8 19.g3 Kf6 20.Rhe1 h5 21.Be2 h4
22.g4 Bf4+ 23.Kc2 a4 24.Bf3 c5 25.e5+  1-0

[Event "Piestany Open 2013"]
[Site "Piestany SVK"]
[Date "2013.11.23"]
[Round "7.8"]
[White "Petras,Mi"]
[Black "Komlosi,F"]
[Result "0-1"]
[WhiteElo "1997"]
[BlackElo "1907"]

1.e4 d6 2.d4 Nf6 3.Nc3 e5 4.dxe5 dxe5 5.Qxd8+ Kxd8 6.Bc4 Ke8 7.Nf3 Bd6 8.h3 a6
9.a4 h6 10.O-O Nc6 11.Re1 Nb4 12.Re2 Nd7 13.Nd1 Nf8 14.c3 Nc6 15.Ne3 Be6
16.Bd5 Bxd5 17.Nxd5 Ng6 18.c4 Kd7 19.g3 Rae8 20.Bd2 Nge7 21.Rc1 Nxd5 22.cxd5 Ne7
23.g4 g6 24.Ne1 f5 25.f3 h5 26.Bg5 hxg4 27.hxg4 Rh3 28.Rh2 fxg4 29.fxg4 Reh8
30.Rcc2 c6 31.dxc6+ Nxc6 32.Rxh3 Rxh3 33.Rc3 Rxc3 34.bxc3 Ke6 35.Nd3 Na5
36.Kf2 Nc4 37.Bc1 Nb6 38.a5 Nc4 39.Kg3 Nxa5 40.Kh4 Nb3 41.Kg5 Kf7 42.Kh6 Nc5
43.Nf2 Nd7 44.Nh3 Bf8+ 45.Kg5 Nf6 46.Nf2 Be7 47.Kh6 Ng8+ 48.Kh7 Nf6+ 49.Kh6 Bf8+
50.Kg5 Be7 51.Kh6 b5 52.g5 Bf8+  0-1

[Event "TCh-AUT 2nd Ost 2013-14"]
[Site "Zwettl AUT"]
[Date "2013.11.23"]
[Round "3.1"]
[White "Csonka,A1"]
[Black "Michalik,P"]
[Result "0-1"]
[WhiteElo "2387"]
[BlackElo "2584"]

1.e4 d6 2.d4 Nf6 3.Nc3 e5 4.Nf3 Nbd7 5.Bc4 Be7 6.O-O O-O 7.Re1 c6 8.a4 a5
9.b3 Qc7 10.d5 Nb6 11.Qd3 Nxc4 12.Qxc4 Bg4 13.Nd2 Rac8 14.Ra2 Nd7 15.Ba3 Nb6
16.Qd3 Bd7 17.dxc6 bxc6 18.Nd1 Be6 19.c4 d5 20.exd5 cxd5 21.Bxe7 Qxe7 22.Qe3 Rc5
23.Rc2 dxc4 24.bxc4 Re8 25.Nb2 Nd5 26.Qg3 Nb4 27.Rc3 f6 28.Nb3 Rc7 29.Rcc1 Rb8
30.f4 Nc6 31.Re3 Rcb7 32.Rcc3 Nd4  0-1

[Event "TCh-CZE Zapad 2013-14"]
[Site "Karlovy Vary CZE"]
[Date "2013.11.24"]
[Round "3.7"]
[White "Liuba,Volodymyr"]
[Black "Umanec,F"]
[Result "0-1"]
[WhiteElo "2174"]
[BlackElo "2244"]

1.e4 d6 2.d4 Nf6 3.Nc3 Nbd7 4.Nf3 e5 5.g4 h6 6.g5 hxg5 7.Bxg5 c6 8.Qd2 Be7
9.O-O-O b5 10.Bd3 b4 11.Ne2 Qa5 12.Kb1 Rb8 13.Ng3 Nb6 14.b3 Bg4 15.Be2 Rd8
16.dxe5 dxe5 17.Qc1 Rxd1 18.Rxd1 Rh3 19.Ng1 Rxg3 20.Bxf6 Rxg1 21.Rxg1 Bxe2
22.Bxe7 Kxe7 23.Rxg7 Nd7 24.Qg5+ Nf6 25.f4 Qd8 26.Qxe5+ Kf8 27.Rg3 Qe7 28.Qb8+ Ne8
29.e5 c5 30.f5 Qd7 31.Rg1 Qxf5 32.Qc7 Nxc7  0-1

[Event "TCh-AUT 2nd Ost 2013-14"]
[Site "Zwettl AUT"]
[Date "2013.11.24"]
[Round "4.4"]
[White "Bachofner,A"]
[Black "Vitouch,A"]
[Result "1/2-1/2"]
[WhiteElo "2222"]
[BlackElo "2270"]

1.e4 d6 2.d4 Nf6 3.Nc3 e5 4.dxe5 dxe5 5.Qxd8+ Kxd8 6.Bg5 c6 7.O-O-O+ Ke8
8.f4 Nbd7 9.fxe5 Ng4 10.e6 fxe6 11.Nh3 Be7 12.Bxe7 Kxe7 13.Be2 Nde5 14.Rdf1 Bd7
15.Bxg4 Nxg4 16.Nf2 Ne5 17.Nd3 Nxd3+ 18.cxd3 e5 19.Kd2 Be6 20.Ke3 Rad8 21.b3 Rd7
22.Rd1 Rhd8 23.Rd2 c5 24.Rhd1 b6 25.Ne2 Bg4 26.h3 Bxe2 27.Kxe2 Rd6 28.Rf1 Rg6
29.g4 Rf6 30.Rxf6 Kxf6 31.h4 g5 32.h5 Ke6 33.Ke3 Rf8 34.Rg2 Rf4 35.a4 Kd6
36.Kd2 Kc6 37.Kc3 Rf1 38.Kb2 a6 39.Kc3 h6 40.Kb2 Rf3 41.Kc3 Rf4 42.Kd2 Rf1  1/2-1/2

[Event "2nd Hyderabad GM Open 2013"]
[Site "Hyderabad IND"]
[Date "2013.11.25"]
[Round "1.8"]
[White "Prince,Ba"]
[Black "Dzhumaev,M"]
[Result "1-0"]
[WhiteElo "2243"]
[BlackElo "2557"]

1.e4 d6 2.d4 Nf6 3.Nc3 e5 4.Nf3 Nbd7 5.Bc4 Be7 6.O-O O-O 7.a4 a6 8.h3 b6
9.Re1 Bb7 10.Bg5 c6 11.dxe5 dxe5 12.Ba2 b5 13.Nh4 b4 14.Nb1 h6 15.Be3 Nxe4
16.Ng6 Re8 17.Nd2 Nef6 18.Nf3 e4 19.Nd4 Qa5 20.Qd2 Nd5 21.Nxe7+ Rxe7 22.Nf5 Re6
23.Bd4 Ne5 24.Rxe4 Rae8 25.Rae1 Qc7 26.Nxg7 Kxg7 27.f4 f6 28.fxe5 f5 29.Rh4 Qc8
30.Rh5 f4 31.Bc5 f3 32.Rf5 fxg2 33.Re2 Rg6 34.Rxg2 Re6 35.Bf8+  1-0

[Event "XXVII Belgrade Trophy"]
[Site "Obrenovac SRB"]
[Date "2013.11.25"]
[Round "2.33"]
[White "Vujacic,Bo"]
[Black "Stefanovic,M"]
[Result "1-0"]
[WhiteElo "2290"]
[BlackElo "2064"]

1.e4 d6 2.d4 Nf6 3.Nc3 e5 4.Nf3 Nbd7 5.Bc4 Be7 6.O-O O-O 7.a4 a5 8.Re1 c6
9.h3 Qc7 10.b3 exd4 11.Nxd4 Nc5 12.Bf4 Nfd7 13.Bg3 Ne5 14.Bf1 Bf6 15.f4 Ned3
16.e5 dxe5 17.cxd3 exd4 18.Ne4 Nxe4 19.dxe4 c5 20.e5 Be7 21.Bd3 b6 22.f5 Ba6
23.Bxa6 Rxa6 24.Qd3 Qb7 25.f6 gxf6 26.Bh4 Kh8 27.Qf1 b5 28.exf6 Bd8 29.axb5 Re6
30.Qf5 Rg8 31.Ra2 Qd7 32.Rxe6 Qxe6 33.Qxe6 fxe6 34.Re2 Rf8 35.Rxe6 a4 36.bxa4 c4
37.Rc6 d3 38.Be1 Bxf6 39.Rxc4 Rd8 40.Bd2 Bd4+ 41.Kf1 Rf8+ 42.Ke1 Bf2+ 43.Kd1  1-0

[Event "XXVII Belgrade Trophy"]
[Site "Obrenovac SRB"]
[Date "2013.11.26"]
[Round "3.27"]
[White "Devetak,D"]
[Black "Draskovic,L"]
[Result "0-1"]
[WhiteElo "2147"]
[BlackElo "2261"]

1.e4 d6 2.d4 Nf6 3.Nc3 e5 4.Nge2 Be7 5.f3 c6 6.Be3 b5 7.a3 h5 8.Qd2 Nbd7
9.Nc1 a6 10.Be2 Bb7 11.O-O O-O 12.Nd3 Re8 13.Rfe1 Bf8 14.Bf1 g6 15.Rad1 Qc7
16.Qf2 c5 17.d5 Bg7 18.h3 Rab8 19.g4 hxg4 20.hxg4 Nh7 21.Qh2 Bf6 22.Nf2 Bg5
23.Kg2 Kg7 24.Bxg5 Nxg5 25.Be2 Rh8 26.Qg3 Rh7 27.Rh1 Rbh8 28.Rxh7+ Rxh7 29.Rh1 c4
30.Rxh7+ Nxh7 31.Qh4 f6 32.Ncd1 Qc5 33.c3 Ndf8 34.Nh3 Qc7 35.Ne3 Bc8 36.Nd1 g5
37.Qf2 Ng6 38.Ne3 Nhf8 39.Nc2 Nd7 40.Qe3 Nc5 41.Bf1 Qd8 42.Kf2 Nf4 43.Nxf4 gxf4
44.Qe1 Na4 45.Qc1 Qh8 46.Bg2 Nc5 47.Ne1 Qh2 48.Qd1 Qg3+ 49.Kf1 Bd7 50.Qd2 Qh2
51.Kf2 Bxg4 52.fxg4 Nxe4+  0-1

[Event "XXVII Belgrade Trophy"]
[Site "Obrenovac SRB"]
[Date "2013.11.26"]
[Round "3.36"]
[White "Stavnjak,L"]
[Black "Radovanovic,Mihajlo"]
[Result "1-0"]
[WhiteElo "2257"]
[BlackElo "1995"]

1.e4 d6 2.d4 Nf6 3.Nc3 e5 4.Nf3 Nbd7 5.Bc4 Be7 6.O-O O-O 7.h3 Nb6 8.Bb3 exd4
9.Qxd4 Nfd7 10.a4 a5 11.Be3 Bf6 12.Qd2 Nc5 13.Nd4 Re8 14.f3 Nxb3 15.cxb3 d5
16.exd5 Nxd5 17.Nxd5 Qxd5 18.Rad1 c6 19.Qf2 Qh5 20.Bf4 Bd7 21.Rd2 c5 22.Ne2 Be6
23.g4 Qxh3 24.Qxc5 Bh4 25.Nd4 Bg3 26.Nxe6 Rxe6 27.Qc7 Bxf4 28.Qxf4 Rh6 29.Rh2 Qxh2+
30.Qxh2 Rxh2 31.Kxh2 Rd8 32.Rc1 h6 33.Kg3 Rd3 34.Rc3 Rxc3 35.bxc3 f6 36.f4 g6
37.b4 axb4 38.cxb4 Kf7 39.a5 Ke6 40.f5+ gxf5 41.gxf5+ Kd5 42.b5 Kc5 43.a6 bxa6
44.bxa6 Kb6 45.Kg4 Kxa6  1-0

[Event "5th Pilsen Open 2013"]
[Site "Plzen CZE"]
[Date "2013.11.26"]
[Round "3"]
[White "Grove,Michael"]
[Black "Ianov,V"]
[Result "1-0"]
[WhiteElo "2078"]
[BlackElo "2301"]

1.e4 d6 2.d4 Nf6 3.Nc3 Nbd7 4.Be3 e5 5.f3 c6 6.Qd2 Be7 7.g4 Qc7 8.Nge2 b5
9.Ng3 exd4 10.Bxd4 Ne5 11.Be2 h6 12.a3 a6 13.Nf5 Bxf5 14.gxf5 c5 15.Be3 Qb7
16.Rg1 b4 17.axb4 cxb4 18.Nd5 Nxd5 19.Qxd5 Qxd5 20.exd5 Bf6 21.Kd2 Ke7 22.f4 Nd7
23.c3 Rhb8 24.Ra2 bxc3+ 25.bxc3 Rb3 26.Rc1 a5 27.Bc4 Rb7 28.Rca1 Rc7 29.Kd3 Rac8
30.Ra4 Nc5+ 31.Bxc5 Rxc5 32.Rb1 R8c7 33.Rb3 Bh4 34.Rb6 Ra7 35.Bb3 Kd7 36.Bc4 Kc7
37.Rb2 Rb7 38.Rg2 Bf6 39.Kc2 Kb6 40.Kd3 Re7 41.Rb2+ Ka7 42.Rba2 Kb6 43.Rb2+ Kc7
44.Rba2 Re1 45.Rxa5 Rd1+ 46.Kc2 Rxa5 47.Rxa5 Rh1 48.Ra7+ Kc8 49.Ba6+ Kd8
50.Ra8+ Kc7 51.Rc8+ Kd7 52.Rc4 Rxh2+ 53.Kb3 h5 54.Re4 Rh3 55.Bb5+ Kd8 56.Rc4 h4
57.Rc6 Be7 58.Ba6 Re3 59.Kb4 Bf8 60.Rc8+ Ke7 61.Bb5 Re4+ 62.c4 Rxf4 63.Re8+ Kf6
64.Rxf8 Rxf5 65.Rd8 Ke5 66.Bd7 Rf1 67.Kb5 f5 68.Re8+ Kf4 69.Kc6 g6 70.Kxd6 h3
71.Rh8 Kg3 72.c5 Rf4 73.c6 Rh4 74.Rxh4  1-0

[Event "St Louis Classic IM 2013"]
[Site "Saint Louis USA"]
[Date "2013.11.26"]
[Round "6.4"]
[White "Xiong,Jeffrey"]
[Black "Young,An"]
[Result "1/2-1/2"]
[WhiteElo "2344"]
[BlackElo "2311"]

1.e4 d6 2.d4 Nf6 3.Nc3 c6 4.f4 Qa5 5.Bd3 e5 6.Nf3 Bg4 7.Be3 Nbd7 8.Qd2 Be7
9.O-O-O Nh5 10.Kb1 exf4 11.Bxf4 Bxf3 12.gxf3 Nxf4 13.Qxf4 Qg5 14.Qg3 Qxg3
15.hxg3 Bf6 16.Bc4 Nb6 17.Bb3 g6 18.a4 O-O 19.a5 Nd7 20.f4 Bg7 21.Ba4 Rad8
22.Bb3 Rfe8 23.e5 d5 24.Na2 Nf8 25.a6 b5 26.Nb4 Rc8 27.g4 Ne6 28.f5 Ng5 29.c3 Bf8
30.Bc2 Bxb4 31.cxb4 Rc7 32.Kc1 Kg7 33.f6+ Kg8 34.Kd2 Rb8 35.Ke3 Rb6 36.Ra1 Rc8
37.Bd3 Re8 38.Rh2 Kh8 39.Kf4 Ne6+ 40.Ke3 Nf8 41.b3  1/2-1/2

[Event "1st Lima International 2013"]
[Site "Lima PER"]
[Date "2013.11.27"]
[Round "1.1"]
[White "Movsziszian,K"]
[Black "Mamani,Joa"]
[Result "1-0"]
[WhiteElo "2510"]
[BlackElo "2200"]

1.e4 d6 2.d4 Nf6 3.Nc3 e5 4.Nge2 c6 5.a4 Be7 6.h3 Qa5 7.Bd2 Qc7 8.g3 Nbd7
9.Bg2 b6 10.O-O h5 11.Bg5 a6 12.f4 Bb7 13.Kh1 b5 14.Qd3 O-O 15.Rae1 Rfe8
16.Qf3 Bf8 17.dxe5 dxe5 18.f5 b4 19.Nd1 c5 20.Nf2 a5 21.g4 hxg4 22.hxg4 Ra6
23.Be3 c4 24.g5 Nh7 25.Ng3 Bc5 26.Bc1 Bxf2 27.Rxf2 Nc5 28.Bf1 Nd7 29.Rh2 Ndf8
30.b3 cxb3 31.Bxa6 b2 32.Bxb2 Bxa6 33.g6 Nf6 34.Nh5 Qc6 35.Nxf6+ Qxf6 36.Qh3 fxg6
37.Qb3+  1-0

[Event "XXVII Belgrade Trophy"]
[Site "Obrenovac SRB"]
[Date "2013.11.27"]
[Round "4.27"]
[White "Vucinic,G"]
[Black "Stefanovic,M"]
[Result "1-0"]
[WhiteElo "2294"]
[BlackElo "2064"]

1.e4 d6 2.d4 Nf6 3.Nc3 e5 4.Nf3 Nbd7 5.Bc4 Be7 6.O-O O-O 7.Re1 c6 8.a4 a5
9.h3 Qc7 10.Ba2 exd4 11.Nxd4 Nc5 12.Bf4 Nfd7 13.Nf5 Ne5 14.Nxe7+ Qxe7 15.Bh2 Bd7
16.f4 Ng6 17.Qd2 Rad8 18.Rad1 Bc8 19.g4 Qc7 20.Rf1 Rfe8 21.f5 Ne5 22.f6 Ne6
23.Kh1 b6 24.fxg7 Ba6 25.Rf5 Bc4 26.Bxc4 Nxc4 27.Qh6 Nxg7 28.Rg5 f6 29.Qxf6 Rf8
30.Qe6+ Qf7 31.Qxf7+ Rxf7 32.e5 d5 33.Re1 Re8 34.Re2 Rfe7 35.b3 Na3 36.Bg1 Re6
37.Bxb6 h6 38.Rxg7+ Kxg7 39.Bc5 Kg6 40.Bxa3 d4 41.Nd1 Rxe5 42.Rxe5 Rxe5 43.Kg2 Re2+
44.Kf3 Rxc2 45.Bd6 c5 46.Bc7 c4 47.bxc4 Rxc4 48.Bxa5 Rxa4 49.Bb6 Ra3+ 50.Kg2 Ra2+
51.Nf2 d3 52.Be3 d2 53.Kf3 h5 54.g5 h4 55.Ke2 Kh5 56.Bxd2 Ra3 57.Be3 Ra2+
58.Kf3 Rb2 59.Ng4 Rb4  1-0

[Event "XXVII Belgrade Trophy"]
[Site "Obrenovac SRB"]
[Date "2013.11.28"]
[Round "5.9"]
[White "Firat,B"]
[Black "Draskovic,L"]
[Result "1/2-1/2"]
[WhiteElo "2435"]
[BlackElo "2261"]

1.e4 d6 2.d4 Nf6 3.Nc3 e5 4.dxe5 dxe5 5.Qxd8+ Kxd8 6.Bg5 Nd7 7.O-O-O Bd6
8.Nf3 Ke8 9.Bb5 a6 10.Bxf6 axb5 11.Bxg7 Rg8 12.Bh6 b4 13.Nb5 Rxa2 14.Kb1 Ra6
15.Rhe1 Nc5 16.Be3 Na4 17.Nxd6+ cxd6 18.Rd5 Rxg2 19.Rb5 b6 20.Rxb4 Nc5 21.b3 f6
22.h3 Rg7 23.Rd1 Ke7 24.Rg1 Rxg1+ 25.Nxg1 Kd7 26.Ne2 Kc6 27.h4 b5 28.Ng3 Ra5
29.c4 Ba6 30.Kc2 Ra2+ 31.Kb1 Ra5 32.Kc2 Ra2+ 33.Kb1  1/2-1/2